The legacy of Norbert Wiener : a centennial symposium in honor of the 100th anniversary of Noebrt Wiener's birth October 8-14, 1994, Massachusetts Institute of Technology, Cambridge, Massachusetts
Αποθηκεύτηκε σε:
| Συγγραφή απο Οργανισμό/Αρχή: | |
|---|---|
| Άλλοι συγγραφείς: | , , |
| Μορφή: | Βιβλίο |
| Γλώσσα: | English |
| Δημοσίευση: |
Providence, R.I. :
American Mathematical Society,
1997
|
| Σειρά: | Proceedings of symposia in pure mathematics ;
; 60 |
| Θέματα: | |
| Ετικέτες: |
Προσθήκη ετικέτας
Δεν υπάρχουν, Καταχωρήστε ετικέτα πρώτοι!
|
MARC
| LEADER | 00000nam a2200000 i 4500 | ||
|---|---|---|---|
| 001 | 1/73409 | ||
| 008 | 990316s1997 eng d | ||
| 020 | |a 0821804154 | ||
| 035 | |l 10048805 | ||
| 040 | |a GR-MY-UA |b eng |e aacr | ||
| 041 | 0 | |a eng | |
| 082 | 0 | |a 510 | |
| 245 | 1 | 4 | |a The legacy of Norbert Wiener : |b a centennial symposium in honor of the 100th anniversary of Noebrt Wiener's birth October 8-14, 1994, Massachusetts Institute of Technology, Cambridge, Massachusetts / |c David Jerison, I. M. Singer, Daniel W. Stroock, editors. |
| 260 | |a Providence, R.I. : |b American Mathematical Society, |c 1997 | ||
| 300 | |a xix, 405 p.; |b ill.; |c 26 cm. | ||
| 490 | 1 | |a Proceedings of symposia in pure mathematics |v ; 60 | |
| 500 | |a Includes bibliographical references | ||
| 600 | 1 | 0 | |a Wiener Norbert |d 1894-1964 |x Congresses. |
| 650 | 0 | 0 | |a Mathematics |x Congresses. |
| 700 | 1 | |a Jerison, David |d 1953- |4 edt | |
| 700 | 1 | |a Singer, I. M. |q (Isadore Manuel) |d 1924- |4 edt | |
| 700 | 1 | |a Stroock, Daniel W. |4 edt | |
| 710 | 2 | |a American Mathematical Society. | |
| 830 | 0 | |a Proceedings of symposia in pure mathematics ; |v ; 60 | |
| 852 | |a INST |b SAMOS |e 19990316 |h 510 LEG |p 005300013164 |q 005300013164 |t BK |y 0 | ||
| 901 | |a BIBL-1998-3 | ||
| 909 | |a Σ |b 063153 | ||
| 922 | |a 3ΕΛΗ |b 199902 |c ΕΠΕΑΕΚ/ΜΑΘ |d LEADER | ||